Statistics for Ballon d'Or by Team

Click here to take the quiz!

General Stats

  • This quiz has been taken 661 times
    (379 since last reset)
  • The average score is 12 of 22

Answer Stats

TeamPlayers% Correct
Real MadridCristiano Ronaldo | Alfredo Di Stéfano | Ronaldo | Luís Figo | Karim Benzema | Luka Modrić | Fabio Cannavaro | Raymond Kopa
100%
FC BarcelonaLionel Messi | Johan Cruyff | Ronaldinho | Ronaldo | Rivaldo | Luís Figo | Hristo Stoichkov | Luis Suárez
100%
Manchester UnitedCristiano Ronaldo | Bobby Charlton | George Best | Denis Law
91%
AC MilanMarco van Basten | Kaká | Andriy Shevchenko | Ruud Gullit | George Weah | Gianni Rivera
91%
JuventusMichel Platini | Zinédine Zidane | Paolo Rossi | Fabio Cannavaro | Pavel Nedvěd | Roberto Baggio | Omar Sívori
90%
Bayern MunichFranz Beckenbauer | Gerd Müller | Karl-Heinz Rummenigge
84%
Inter MiamiLionel Messi
81%
Paris Saint-GermainGeorge Weah | Lionel Messi
70%
Inter MilanRonaldo | Lothar Matthäus
66%
AFC AjaxJohan Cruyff
62%
LiverpoolMichael Owen
60%
BenficaEusébio
55%
MarseilleJean-Pierre Papin
46%
Dynamo MoscowLev Yashin
44%
Borussia DortmundMatthias Sammer
42%
Hamburger SVKevin Keegan
26%
BlackpoolStanley Matthews
26%
PSV EindhovenRuud Gullit
24%
Dynamo KyivIgor Belanov | Oleg Blokhin
19%
Borussia MönchengladbachAllan Simonsen
15%
FerencvárosFlórián Albert
15%
Dukla PragueJosef Masopust
14%

Score Distribution

Percentile by Number Answered

Percent of People with Each Score

Your Score History

You have not taken this quiz since the last reset